000 00642nam a22002051a 4500
001 18701
003 OSt
005 20260204212419.0
008 180502s2013||||ck ||||||b||||||||||spa||
020 _a9789587710076
082 _a620.86 H493r
100 _aHenao Robledo,Fernando
245 _aRiesgo en la construcción/Fernando Henao Robledo
250 _a3
264 _aBogotá:Ecoe Ediciones
300 _a180 p
490 _a(Ingeniería.Seguridad Ocupacional)
650 _aConstrucción-Medidas de seguridad 2.Seguridad industrial 3.Salud ocupacional 4.Trabajadores de la construcción-Medidas de seguridadÌ
942 _2ddc
_cBK
999 _c18701
_d18701